000
00331nam a2200133Ia 4500
008
221007s9999 xx 000 0 und d
020
_a
3945
041
_a
eng
082
_a
004.1
_b
ZAC
100
_a
Zacker C
_9
96870
245
_a
PC hardware - complete reference
260
_c
2005
_b
Tata Mcgraw Hill
_a
New Delhi
906
_b
General
999
_c
61319
_d
61319